| 000 | 00703nam a2200193Ii 4500 | ||
|---|---|---|---|
| 003 | JO-AjNU | ||
| 008 | 230605s9999||||xx |||||||||||||| ||und|| | ||
| 040 |
_aJO-AjNU _bara _erda _cJO-AjNU |
||
| 041 | _aara | ||
| 050 | 1 | 4 | _aHV 6080 2010 |
| 100 | 3 |
_aاعداد: عبدالحميد، رجب, _eauthor _932243 |
|
| 245 | 0 | 0 | _aاسس علم النفس الجنائي والقضائي |
| 264 | 3 | 1 | _aالقاهرة: مكتبة سلسبيل، 2010 |
| 300 |
_a138ص _bيحتوي على ببلوغرافية من 134-138ص |
||
| 336 |
_atext _btxt _2rdacontent |
||
| 337 |
_aunmediated _bn _2rdamedia |
||
| 338 |
_avolume _bnc _2rdacarrier |
||
| 650 | 4 |
_aعلم النفس الجنائي والقضائي _932244 |
|
| 999 |
_aA12992 _c16560 _d16560 |
||